000 00515nam a22001697a 4500
005 20260226110115.0
008 260226b |||||||| |||| 00| 0 eng d
020 _a0-13-141155-1
100 _aSTEVENS, W. RICHARD
245 _aUNIX NETWORK PROGRAMMING
_bTHE SOCKETS NETWORKING API
250 _a3RD ED
260 _aBOSTON
_bPEARSON EDUCATION
_c2004
300 _aXXIII, 991P
500 _aINCLUDES INDEX
650 _a1.UNIX ( COMPUTER OPERATING SYSTEM) 2. COMPUTER NETWORKS - PROGRAMMING
942 _2lcc
_cBK
999 _c216696
_d216696